000
00249nam a22000977a 4500
999
_c
11307
_d
11307
008
190208b ||||| |||| 00| 0 eng d
020
_a
9781471150388
100
_a
Mccullough David
_9
7048
245
_a
The Wright Brothers
260
_a
UK
_b
CPI Group
_c
2015